000 00573 a2200217 4500
005 20260205123717.0
008 260205b |||||||| |||| 00| 0 eng d
020 _a9780367259013
_c£ 42.99
040 _aMAIN
082 _a796.071
_bM473E
100 _aMegheirkouni, Majd
110 _a
245 _aEssentials of sport leadership: Therory and application
260 _bRoutledge
_c2025
_aNew York
300 _axv, 278
650 _aPhysical Education
650 _aAthletic
650 _aCoaching- Leadership
700 _aNorrington, Peter
942 _cBK
999 _c394197
_d394197